THERMAL CONTROL AND RADIATION (Registro nro. 222051)
[ vista simple ]
| 000 -LEADER | |
|---|---|
| campo de control de longitud fija | 00470nam a2200205Ia 4500 |
| 005 - FECHA Y HORA DE LA ÚLTIMA TRANSACCIÓN | |
| campo de control | 20250425162102.0 |
| 008 - DATOS DE LONGITUD FIJA--INFORMACIÓN GENERAL | |
| campo de control de longitud fija | 250425s9999 xx 000 0 und d |
| 020 ## - NÚMERO INTERNACIONAL ESTÁNDAR DEL LIBRO | |
| Número Internacional Estándar del Libro | 0262200236 |
| 041 ## - CÓDIGO DE IDIOMA | |
| Código de lengua del texto/banda sonora o título independiente | eng |
| 043 ## - CÓDIGO DE ÁREA GEOGRÁFICA | |
| Código de área geográfica | cau |
| 082 ## - NÚMERO DE LA CLASIFICACIÓN DECIMAL DEWEY | |
| Número de clasificación | 629.13 |
| 010 ## - NÚMERO DE CONTROL DE LA BIBLIOTECA DEL CONGRESO | |
| Número de control de LC | 48706 |
| 100 ## - ENTRADA PRINCIPAL--NOMBRE DE PERSONA | |
| Nombre de persona | CHANG LIN, TIEN |
| 245 #0 - MENCIÓN DEL TÍTULO | |
| Título | THERMAL CONTROL AND RADIATION |
| 250 ## - MENCION DE EDICION | |
| Mención de edición | S.E. |
| 260 ## - PUBLICACIÓN, DISTRIBUCIÓN, ETC. | |
| Lugar de publicación, distribución, etc. | Estados Unidos |
| Nombre del editor, distribuidor, etc. | CHANG-LIN TIEN |
| Fecha de publicación, distribución, etc. | 1973 |
| 300 ## - DESCRIPCIÓN FÍSICA | |
| Extensión | 523 |
| 650 ## - PUNTO DE ACCESO ADICIONAL DE MATERIA--TÉRMINO DE MATERIA | |
| Término de materia o nombre geográfico como elemento de entrada | AERONAUTICA |
| 942 ## - ELEMENTOS DE ENTRADA SECUNDARIOS (KOHA) | |
| Tipo de ítem Koha | Libros |
| Estatus retirado | Estado de pérdida | Estado de daño | No para préstamo | Biblioteca de origen | Biblioteca actual | Fecha de adquisición | Coste, precio normal de compra | Total de préstamos | Código de barras | Copia número |
|---|---|---|---|---|---|---|---|---|---|---|
| FACULTAD DE INGENIERIA MECANICA Y CIENCIAS DE LA PRODUCCION | FACULTAD DE INGENIERIA MECANICA Y CIENCIAS DE LA PRODUCCION | 07/10/2002 | 3.00 | D-30333 | 1 |